[Event "6th EICC"]
[Site "Warsaw POL"]
[Date "2005.07.01"]
[Round "13"]
[White "Timofeev,Arty"]
[Black "Rublevsky,S"]
[Result "1/2-1/2"]
[WhiteElo "2622"]
[BlackElo "2645"]

1.e4 c5 2.Nf3 e6 3.d4 cxd4 4.Nxd4 Nc6 5.Nc3 Qc7 6.Be3 Nf6 7.Qd2 Bb4 8.f3 Nxd4
9.Qxd4 Bxc3+ 10.Qxc3 Qxc3+ 11.bxc3 d5 12.e5 Nd7 13.Bd4 Nb6 14.a4 Bd7 15.a5 Nc4
16.Bxc4  1/2-1/2

[Event "Skanska"]
[Site "Brno CZE"]
[Date "2005.07.02"]
[Round "3"]
[White "Manik,M"]
[Black "Laznicka,V"]
[Result "1/2-1/2"]
[WhiteElo "2495"]
[BlackElo "2480"]

1.e4 c5 2.Nf3 e6 3.d4 cxd4 4.Nxd4 Nc6 5.Nc3 a6 6.Be3 Nf6 7.Qd2 Qc7 8.f3 Ne5
9.g4 h6 10.O-O-O Bb4 11.g5 hxg5 12.Bxg5 b5 13.Qe1 Bxc3 14.Qxc3 Qxc3 15.bxc3 Bb7
16.Bf4 d6 17.Rg1 Ke7 18.Be2 Ng6 19.Bg3 d5 20.e5 Nh5 21.f4 Nhxf4 22.Bxf4 Nxf4
23.Rxg7 Ng6 24.Bg4 Bc8 25.Re1 Bd7 26.Bf5 Kf8 27.Rxg6 fxg6 28.Bxe6 Bxe6 29.Nxe6+ Kf7
30.Nf4 Rxh2 31.e6+ Ke7 32.Nxd5+ Kd6 33.Rd1 Rah8 34.Nf4+ Kc6 35.Nxg6 Re8 36.Ne5+ Kc5
37.Nd7+ Kc6 38.Ne5+ Kc7 39.Nf3 Rh3 40.Nd4 Rxc3 41.Kb2 Re3 42.Nf5  1/2-1/2

[Event "ch-SWE"]
[Site "Goeteborg SWE"]
[Date "2005.07.02"]
[Round "1"]
[White "Berg,E"]
[Black "Akesson,R"]
[Result "1/2-1/2"]
[WhiteElo "2539"]
[BlackElo "2466"]

1.e4 c5 2.Nf3 e6 3.d4 cxd4 4.Nxd4 Nc6 5.Nc3 Qc7 6.Be2 a6 7.O-O Nf6 8.Kh1 Nxd4
9.Qxd4 Bc5 10.Qd3 b5 11.Bg5 Bb7 12.f4 b4 13.e5 Nd5 14.Nxd5 Bxd5 15.Bf3 Bxf3
16.Rxf3 d6 17.Rd1 dxe5 18.fxe5 Be7 19.Rxf7 Kxf7 20.Qf3+ Kg6 21.Qe4+ Kxg5
22.Rd3 Raf8 23.Rg3+ Kh6 24.Rh3+ Kg5 25.Rg3+ Kh6 26.Rh3+ Kg5 27.Rg3+  1/2-1/2

[Event "VISUS Open"]
[Site "Prague CZE"]
[Date "2005.07.02"]
[Round "1"]
[White "Oulovsky,P"]
[Black "Ruzyak,P"]
[Result "1-0"]
[WhiteElo "2158"]
[BlackElo "1913"]

1.e4 c5 2.Nf3 Nc6 3.d4 cxd4 4.Nxd4 e6 5.Nc3 Qc7 6.Be2 a6 7.O-O Nf6 8.Be3 Be7
9.f4 d6 10.Qe1 O-O 11.Qg3 Kh8 12.Kh1 Bd7 13.Rae1 b5 14.a3 Na5 15.e5 dxe5
16.fxe5 Nd5 17.Nxd5 exd5 18.Bd3 Nc4 19.Bc1 Qd8 20.Qf3 Qb6 21.Nf5 Bxf5 22.Qxf5 g6
23.Qh3 Qe6 24.Qg3 f5 25.exf6  1-0

[Event "6th EICC Qualification"]
[Site "Warsaw POL"]
[Date "2005.07.02"]
[Round "2"]
[White "Azarov,S"]
[Black "Bocharov,D"]
[Result "0-1"]
[WhiteElo "2572"]
[BlackElo "2574"]

1.e4 c5 2.Nf3 Nc6 3.d4 cxd4 4.Nxd4 e6 5.Nc3 Qc7 6.f4 a6 7.Nxc6 Qxc6 8.Bd3 b5
9.Qe2 Bb7 10.Bd2 Be7 11.a3 Rc8 12.O-O-O b4 13.axb4 Bxb4 14.Kb1 Nf6 15.Nd5 Bxd2
16.Nxf6+ gxf6 17.Rxd2 Qb6 18.Rhd1 Bc6 19.f5 Rb8 20.c3 Qc5 21.Bc4 Ke7 22.Rd4 Rb7
23.R1d2 Rhb8 24.fxe6 dxe6 25.Qe3 Qa3 26.Qf2 e5 27.Rd5 Bxd5 28.Bxd5 Rc7 29.Rd3 Qa5
30.Qf3 Rc5 31.Qh5 Rf8 32.Qxh7 Qb5 33.Qh3 Rb8 34.b4 Rf8 35.Bb3 Rc7 36.Qe3 Rb8
37.Kb2 a5 38.Rd5 Qf1 39.Rxa5 Qxg2+ 40.Bc2 Rxb4+ 41.Ka3 Qxc2 42.Kxb4 Qb2+  0-1

[Event "6th EICC Qualification"]
[Site "Warsaw POL"]
[Date "2005.07.02"]
[Round "4"]
[White "Azarov,S"]
[Black "Bocharov,D"]
[Result "0-1"]
[WhiteElo "2572"]
[BlackElo "2574"]

1.e4 c5 2.Nf3 Nc6 3.d4 cxd4 4.Nxd4 e6 5.Nc3 Qc7 6.f4 Nxd4 7.Qxd4 a6 8.Be3 b5
9.a3 Bb7 10.O-O-O Rc8 11.Bd3 Nf6 12.Qb6 Qb8 13.Kb1 Rc6 14.Qa5 Ng4 15.Bd4 Qxf4
16.Nxb5 axb5 17.Bxb5 Qc7 18.Qa7 Nf6 19.Bxc6 Qxc6 20.Bxf6 gxf6 21.Qb8+ Qc8
22.Qf4 Rg8 23.Rd2 Rg6 24.Rhd1 Bh6 25.Qd6 Bxd2 26.Rxd2 Bxe4 27.g3 Rg5 28.Qd4 Re5
29.b3 Qc6 30.Kb2 Rd5 31.Qe3 Rxd2 32.Qxd2 f5  0-1

[Event "6th EICC Qualification"]
[Site "Warsaw POL"]
[Date "2005.07.02"]
[Round "5"]
[White "Azarov,S"]
[Black "Bocharov,D"]
[Result "0-1"]
[WhiteElo "2572"]
[BlackElo "2574"]

1.e4 c5 2.Nf3 Nc6 3.d4 cxd4 4.Nxd4 e6 5.Nc3 Qc7 6.f4 Nxd4 7.Qxd4 a6 8.Be3 b5
9.O-O-O Bb7 10.Bd3 Rc8 11.Kb1 Nf6 12.h3 d6 13.e5 dxe5 14.fxe5 Nd5 15.Nxd5 Bxd5
16.Qg4 Qa5 17.b3 g6 18.Rhf1 Bg7 19.Bd4 O-O 20.h4 h5 21.Qg5 Qd8 22.Rf6 Bf3
23.gxf3 Qxd4 24.f4 Rc7 25.Rg1 Rfc8 26.Bxg6 fxg6 27.Rxg6 Kf8 28.Rxg7 Qxg1+
29.Qxg1 Rxg7 30.Qb6 Re7 31.Qxa6 Rc5 32.Qa8+ Kf7 33.Qh8 Rd5 34.Qxh5+ Kf8 35.Qh8+ Kf7
36.h5 Rd1+ 37.Kb2 Rh1 38.h6 Rg1 39.Qf6+ Ke8 40.h7 Kd7  0-1

[Event "2nd RUS Pupils Summer Boys"]
[Site "Satka RUS"]
[Date "2005.07.03"]
[Round "6"]
[White "Lanin,A"]
[Black "Popov,Iv RUS"]
[Result "1/2-1/2"]
[WhiteElo "2407"]
[BlackElo "2464"]

1.e4 c5 2.Nf3 e6 3.d4 cxd4 4.Nxd4 Nc6 5.Nc3 a6 6.Be2 Qc7 7.f4 b5 8.Nxc6 Qxc6
9.Bf3 Bb7 10.Be3 Qc4 11.Qd3 Rc8 12.O-O Nf6 13.e5 Bxf3 14.Rxf3 Qxd3 15.cxd3 b4
16.exf6 bxc3 17.Rc1 gxf6 18.Rxc3 Rxc3 19.bxc3 Bd6 20.Rf1 Ke7 21.Rb1 Rc8 22.c4 e5
23.Rb6 e4 24.dxe4 Rxc4 25.e5 fxe5 26.fxe5 Bxe5 27.Rxa6 d5 28.Ra5 Ke6 29.Kf2 d4
30.Bd2 Rc2 31.Ke1 Kf5 32.Kd1 Rc7 33.a4 Ke4 34.Rb5 Bxh2 35.a5 Rc6 36.Rh5 Bg1
37.Rxh7 Kd3 38.Rxf7 Rc4 39.Rb7 Ra4 40.Rb3+ Ke4 41.Rb7 Ra1+ 42.Kc2 Ra2+ 43.Rb2 Ra1
44.Kb3 d3 45.Ra2 Rb1+ 46.Kc4 Rb7 47.a6 Rg7 48.g4 Rxg4 49.a7 Bxa7 50.Rxa7 Rg6
51.Re7+ Kf5 52.Kxd3 Rd6+ 53.Kc2 Re6 54.Rd7 Ke4 55.Bc3 Rg6 56.Re7+ Kd5 57.Re5+ Kc4
58.Bd2 Rg4 59.Ra5 Re4 60.Ra8 Rd4 61.Bc3 Re4 62.Kd2 Re6 63.Rc8+ Kd5 64.Kd3 Rc6
65.Rh8 Rc5 66.Bd4 Rb5 67.Rd8+ Ke6 68.Ke4 Rh5 69.Re8+ Kd7 70.Rg8 Kc6 71.Rg6+ Kb5
72.Kd3 Rh3+ 73.Be3 Rh5 74.Rb6+ Ka4 75.Rb1 Rb5 76.Ra1+ Kb4 77.Kd4 Kb3 78.Ra6 Kb4
79.Bd2+ Kb3 80.Bc3 Rb7 81.Kd3 Rd7+ 82.Bd4 Rb7 83.Bc5 Rb5 84.Kd4 Rb7 85.Ra3+ Kb2
86.Rh3 Rg7 87.Kc4 Rg2 88.Bd4+ Kc2 89.Ra3 Re2 90.Be3 Kb2 91.Rd3 Rh2 92.Rd1 Rc2+
93.Kb4 Re2 94.Rd3 Rg2 95.Bf4 Rf2 96.Be5+ Kc2 97.Kc4 Re2 98.Rc3+ Kd2  1/2-1/2

[Event "34th TCh-GRE"]
[Site "Ermioni Argolidas GRE"]
[Date "2005.07.05"]
[Round "2"]
[White "Dembo,Y"]
[Black "Mastrovasilis,A"]
[Result "1/2-1/2"]
[WhiteElo "2428"]
[BlackElo "2495"]

1.e4 c5 2.Nf3 e6 3.d4 cxd4 4.Nxd4 Nc6 5.Nc3 a6 6.Nxc6 bxc6 7.Bd3 d5 8.O-O Nf6
9.Qe2 Be7 10.f4 Qc7 11.e5 Nd7 12.Na4 c5 13.c4 d4 14.b3 Bb7 15.Be4 g6 16.Nb2 h5
17.Bd2 Bc6 18.Nd3 Kf8 19.Ba5 Qb7 20.Bxc6 Qxc6 21.Rf3 Kg7 22.Raf1 Rae8 23.Rg3 Bh4
24.Rh3 Be7 25.Rg3 Bh4 26.Rh3  1/2-1/2

[Event "34th TCh-GRE"]
[Site "Ermioni Argolidas GRE"]
[Date "2005.07.06"]
[Round "3"]
[White "Katzourakis,P"]
[Black "Valden,P"]
[Result "1/2-1/2"]
[WhiteElo "2072"]
[BlackElo "2149"]

1.e4 c5 2.Nf3 Nc6 3.Nc3 e6 4.d4 cxd4 5.Nxd4 Nf6 6.Ndb5 d6 7.Bf4 e5 8.Bg5 a6
9.Na3 b5 10.Bxf6 gxf6 11.Nd5 Bg7 12.Bd3 Ne7 13.Ne3 f5 14.exf5 d5 15.c3 Rb8
16.Qf3 Qd6 17.Rd1 e4 18.Bxe4 dxe4 19.Qxe4 Qe5 20.Qxe5 Bxe5 21.g4 h5 22.g5 f6
23.h4 Nxf5 24.Nac2 Nxe3 25.Nxe3 Bf4 26.gxf6 Bxe3 27.fxe3 Kf7 28.Rf1 Rb6 29.Rd4 Re8
30.Kd2 Rxf6 31.Rxf6+ Kxf6 32.a4 Re5 33.a5 Ke7 34.e4 Re6 35.Ke3 Rg6 36.Rd5 Bg4
37.b4 Rc6 38.Kd4 Rc4+ 39.Kd3 Bf3 40.Re5+ Kd6 41.Re8 Kd7 42.Re5 Rc6 43.Kd4 Re6
44.Rf5 Bg4 45.Rf7+ Kc6 46.Ra7 Rd6+ 47.Ke3 Bc8 48.Rh7 Bg4 49.Ra7 Bc8 50.Rh7 Bg4  1/2-1/2

[Event "34th TCh-GRE"]
[Site "Ermioni Argolidas GRE"]
[Date "2005.07.06"]
[Round "3"]
[White "Petrov,Marij"]
[Black "Komninos,N"]
[Result "1/2-1/2"]
[WhiteElo "2406"]
[BlackElo "2157"]

1.e4 c5 2.Nf3 Nc6 3.Nc3 e6 4.d4 cxd4 5.Nxd4 Qc7 6.f4 a6 7.Nf3 b5 8.Bd3 Bb7
9.O-O Bc5+ 10.Kh1 b4 11.Na4 Ba7 12.Qe2 Nf6 13.Be3 Bxe3 14.Qxe3 O-O 15.Nc5 Bc8
16.e5 Nd5 17.Bxh7+ Kh8 18.Qe1 g6 19.Ng5 Kg7 20.Qh4 Rh8 21.Nce4 Nce7 22.Nd6 Qxd6
23.exd6 Nf5 24.Qf2 f6 25.Ne4 Bb7 26.Rfe1 Rxh7 27.Nc5 Rah8 28.h3 Bc6 29.Kg1 Nh4
30.Ne4 Nf5 31.c4 bxc3 32.Nxc3 Nxc3 33.bxc3 Nh4 34.Qa7 Nf3+ 35.gxf3 Rxh3 36.Rf1 Rg3+
37.Kf2 Rxf3+ 38.Ke2 Rh2+ 39.Rf2 Rhxf2+ 40.Qxf2 Rxf2+ 41.Kxf2 e5 42.fxe5 fxe5
43.Rb1 Kf6 44.Ke3 Ke6 45.Rg1 Kf6 46.c4 g5 47.c5 Kf5 48.Rf1+ Ke6 49.Rg1 Kf5
50.Rf1+ Ke6  1/2-1/2

[Event "Summer Open"]
[Site "Alushta UKR"]
[Date "2005.07.07"]
[Round "6"]
[White "Belikov,V"]
[Black "Zakhartsov,V"]
[Result "1/2-1/2"]
[WhiteElo "2519"]
[BlackElo "2534"]

1.e4 c5 2.Nc3 e6 3.Nf3 Nc6 4.d4 cxd4 5.Nxd4 Qc7 6.Nb3 a6 7.Bd3 Nf6 8.O-O b5
9.f4 d6 10.Qf3 Bb7 11.Be3 Be7 12.Qh3 Nb4 13.a3 Nxd3 14.cxd3 O-O 15.Nd4 Rfe8
16.Rf3 Bf8 17.Rg3 Kh8 18.Rf1 Qe7 19.f5 e5 20.Nc2 d5 21.exd5 Bxd5 22.Bg5 Bb7
23.Kh1 Qd6 24.Qh4 h6 25.Bxf6  1/2-1/2

[Event "VISUS Open"]
[Site "Prague CZE"]
[Date "2005.07.07"]
[Round "6"]
[White "Londyn,R"]
[Black "Taborsky,R"]
[Result "1-0"]
[WhiteElo "2350"]
[BlackElo "2204"]

1.e4 c5 2.Nf3 Nc6 3.d4 cxd4 4.Nxd4 e6 5.Nc3 a6 6.Nxc6 bxc6 7.e5 Qc7 8.f4 d6
9.exd6 Bxd6 10.Qg4 g6 11.Qf3 Nf6 12.Bd3 Bb7 13.O-O c5 14.Ne4 Be7 15.b3 c4
16.bxc4 O-O 17.Rb1 Bxe4 18.Bxe4 Nxe4 19.Qxe4 Rac8 20.Rb7 Qc5+ 21.Be3 Qxe3+
22.Qxe3 Bc5 23.Kf2 Rfd8 24.Re1 Bxe3+ 25.Kxe3 Rxc4 26.Rb2 Rc3+ 27.Ke2 Rd4
28.g3 h5 29.Rd1 Rdc4 30.Rd8+ Kg7 31.Kd2 Rc5 32.Rd3 R3c4 33.c3 Ra5 34.Rd7 Ra3
35.Rbb7 g5 36.Rxf7+ Kg6 37.Rg7+ Kf6  1-0

[Event "ch-NOR"]
[Site "Sandnes NOR"]
[Date "2005.07.07"]
[Round "6"]
[White "Kristensen,Bj"]
[Black "Groenn,A"]
[Result "0-1"]
[WhiteElo "2391"]
[BlackElo "2394"]

1.e4 c5 2.Nf3 Nc6 3.d4 cxd4 4.Nxd4 e6 5.Nc3 Qc7 6.g3 a6 7.Bg2 Nf6 8.O-O Nxd4
9.Qxd4 Bc5 10.Bf4 d6 11.Qd2 h6 12.Rad1 e5 13.Be3 Ke7 14.Bxc5 Qxc5 15.Na4 Qc6
16.f4 a5 17.Nc3 Bg4 18.Bf3 Be6 19.Nd5+ Bxd5 20.exd5 Qb6+ 21.Kh1 e4 22.Rfe1 Qxb2
23.Rb1 Qa3 24.Rxb7+ Kf8 25.Rb3 Qa4 26.Be2 Qd7 27.Qd4 Kg8 28.Reb1 Qf5 29.c4 Nd7
30.Rb7 Nc5 31.R7b6 Qd7 32.Rc6 Rc8 33.Rcb6 Kh7 34.g4 Rhe8 35.g5 hxg5 36.Rg1 Rh8
37.Rxg5 f6 38.Bg4 Qd8 39.Rh5+ Kg8 40.Rxh8+ Kxh8 41.Bxc8 Qxb6 42.Qf2 g6 43.f5 g5
44.h4 Qb1+ 45.Kh2 Nd3 46.Qe3 Ne5  0-1

[Event "Open"]
[Site "Barbera del Valles ESP"]
[Date "2005.07.08"]
[Round "5"]
[White "Perpinya Rofes,L"]
[Black "Jimenez Albadalejo,M"]
[Result "0-1"]
[WhiteElo "2381"]
[BlackElo "2211"]

1.e4 c5 2.Nf3 e6 3.d4 cxd4 4.Nxd4 Nc6 5.Nc3 Qc7 6.Be2 a6 7.O-O Nf6 8.Kh1 Be7
9.f4 d6 10.Be3 Bd7 11.a4 Na5 12.Qd3 Rc8 13.Rad1 Qc4 14.Qd2 Qc7 15.Qe1 Nc4
16.Bxc4 Qxc4 17.e5 Ng4 18.exd6 Bxd6 19.Nf5 exf5 20.Bc5+ Be5 21.Bd6 Qe6 22.fxe5 Qh6
23.e6 Bxe6 24.h3 Rd8 25.Bf4 Rxd1 26.Qxd1 g5 27.Qd6 gxf4 28.Qb8+ Ke7 29.Qxh8 f3
30.Re1 Qd2 31.Rxe6+ Kxe6 32.Qe8+ Kf6 33.Qh8+ Ke7 34.Nd5+ Qxd5 35.hxg4 f2  0-1

[Event "ITT"]
[Site "San Bernardo ARG"]
[Date "2005.07.08"]
[Round "5"]
[White "Lopez Gonzalez,D"]
[Black "Valiente,C"]
[Result "1/2-1/2"]
[WhiteElo "2225"]
[BlackElo "2328"]

1.e4 c5 2.Nf3 Nc6 3.d4 cxd4 4.Nxd4 e6 5.Nc3 Qc7 6.Be2 a6 7.O-O Nf6 8.Be3 b5
9.a3 Bb7 10.Nb3 d6 11.f4 Be7 12.Bd3 O-O 13.Qf3 Nd7 14.Qh3 Rfe8 15.e5 Nf8
16.Rae1 dxe5 17.fxe5 Nxe5 18.Bf4 Qb6+ 19.Be3 Qc7 20.Bf4 Qb6+  1/2-1/2

[Event "ch-SCO"]
[Site "Oban SCO"]
[Date "2005.07.09"]
[Round "8"]
[White "Spencer,E"]
[Black "Muir,A"]
[Result "1-0"]
[WhiteElo "2204"]
[BlackElo "2322"]

1.e4 c5 2.Nc3 e6 3.Nf3 Nc6 4.d4 cxd4 5.Nxd4 a6 6.Be3 d6 7.Bd3 Nf6 8.f4 Be7
9.O-O Qc7 10.Kh1 Bd7 11.Nb3 b5 12.a3 O-O 13.g4 Rfc8 14.g5 Ne8 15.Qh5 g6 16.Qh6 b4
17.Nd1 Bf8 18.Qh4 bxa3 19.bxa3 Be7 20.Qf2 Ng7 21.Bb6 Qb7 22.Rb1 Rcb8 23.Nd2 d5
24.Ne3 Nb4 25.Bd4 Nxd3 26.cxd3 Qc6 27.Rbc1 Qa4 28.Ng4 dxe4 29.Nxe4 Bc6 30.Rxc6 Qxc6
31.Bxg7 Rd8 32.Qb2 f6 33.gxf6 h5 34.Nh6+ Kh7 35.Qg2 Rd5 36.Ng5+ Rxg5 37.Qxc6 Rc5
38.Qxa8 g5 39.Qg8+  1-0

[Event "Open"]
[Site "Barbera del Valles ESP"]
[Date "2005.07.10"]
[Round "7"]
[White "Simon Padros,E"]
[Black "Jimenez Albadalejo,M"]
[Result "1/2-1/2"]
[WhiteElo "2287"]
[BlackElo "2211"]

1.e4 c5 2.Nc3 e6 3.Nf3 Nc6 4.d4 cxd4 5.Nxd4 Qc7 6.g3 d6 7.Bg2 a6 8.O-O Be7
9.Be3 Nf6 10.f4 Bd7 11.Nb3 Na5 12.e5 Nc4 13.exf6 Nxe3 14.Qd3 Nxf1 15.fxe7 Nxh2
16.Kxh2 Bc6 17.Ne4 Kxe7 18.Re1 h5 19.Nd4 h4 20.Nxc6+  1/2-1/2

[Event "VISUS Open"]
[Site "Prague CZE"]
[Date "2005.07.10"]
[Round "9"]
[White "Vrkoc,D"]
[Black "Ruzyak,P"]
[Result "1/2-1/2"]
[WhiteElo "2163"]
[BlackElo "1913"]

1.e4 c5 2.Nf3 e6 3.d4 cxd4 4.Nxd4 Nc6 5.Nc3 Qc7 6.g3 a6 7.Bg2 Nf6 8.O-O Be7
9.Re1 O-O 10.Bg5 d6 11.Qd2 h6 12.Be3 Bd7 13.Rad1 Ne5 14.h3 Nc4 15.Qc1 Rac8
16.Kh2 b5 17.Rd3 Nxe3 18.Qxe3 b4 19.Nce2 e5 20.Nf5 Bxf5 21.exf5 Qxc2 22.Bb7 Rc5
23.Rc1 Qxb2 24.Rxc5 dxc5 25.Rd2 Qa1 26.Bxa6 Ra8 27.Bc4 Ra3 28.Rd3 Qb2 29.Nc1 Rxd3
30.Nxd3 Qc2 31.Nxe5 Qxf5 32.Bxf7+ Kf8 33.Bg6 Qe6 34.Bd3 Bd6 35.Ng6+ Kf7 36.Nh8+ Ke7
37.Ng6+ Kf7 38.Qf3 Qd5 39.Qe2 Qd4 40.Nh4 Qxh4 41.Bc4+ Kg6 42.Qd3+ Ne4 43.Bd5 Qe7
44.Bxe4+ Kf7 45.Bd5+ Kf8 46.Qf5+ Qf6 47.Qxf6+ gxf6 48.Kg2 f5 49.Be6 f4 50.g4 Ke7
51.Bc4 Kf6 52.h4 Ke5 53.Kf3 Be7 54.h5 Bg5 55.Ke2 Kd4 56.Be6 Kc3 57.Kd1 c4  1/2-1/2

[Event "Viking GM"]
[Site "St Petersburg RUS"]
[Date "2005.07.10"]
[Round "4"]
[White "Brodsky,M"]
[Black "Klimov,S"]
[Result "1/2-1/2"]
[WhiteElo "2554"]
[BlackElo "2475"]

1.e4 c5 2.Nf3 e6 3.d4 cxd4 4.Nxd4 Nc6 5.Nc3 Qc7 6.g3 a6 7.Bg2 Nf6 8.O-O d6
9.Re1 Rb8 10.Nxc6 bxc6 11.Na4 Be7 12.c4 c5 13.b3 O-O 14.Bf4 Nd7 15.Qd2 Ne5
16.Rad1 Rd8 17.Nc3 Bf6 18.Ne2 Bb7 19.h3  1/2-1/2

[Event "25th Ann Champions"]
[Site "Benasque ESP"]
[Date "2005.07.11"]
[Round "6"]
[White "Delchev,A"]
[Black "Korneev,O"]
[Result "1-0"]
[WhiteElo "2656"]
[BlackElo "2594"]

1.e4 c5 2.Nf3 e6 3.d4 cxd4 4.Nxd4 Nc6 5.Nc3 Qc7 6.Be2 a6 7.O-O b5 8.Nxc6 dxc6
9.a4 b4 10.Nb1 Nf6 11.Nd2 h5 12.Nc4 Bb7 13.e5 Rd8 14.Bd3 Ng4 15.Qe2 Bc5 16.c3 f5
17.Bf4 Ba8 18.Nd6+ Kf8 19.Rad1 Qe7 20.Qd2 bxc3 21.bxc3 Nxe5 22.Bxe5 Bxd6
23.Bc4 Bc7 24.Qxd8+ Qxd8 25.Rxd8+ Bxd8 26.Rb1 Bf6 27.Rb8+  1-0

[Event "57th ch-Montenegro"]
[Site "Cetinje SCG"]
[Date "2005.07.11"]
[Round "4"]
[White "Kalezic,B"]
[Black "Brajovic,R"]
[Result "1-0"]
[WhiteElo "2448"]
[BlackElo "2296"]

1.e4 c5 2.Nf3 Nc6 3.Nc3 e6 4.d4 cxd4 5.Nxd4 Qc7 6.Be2 a6 7.O-O Nf6 8.Kh1 Nxd4
9.Qxd4 Bc5 10.Qd3 b5 11.Bg5 Bb7 12.f4 h5 13.e5 Ng4 14.Bf3 Rb8 15.Bxb7 Rxb7
16.Ne4 Nh6 17.a4 b4 18.Qf3 Rb8 19.Qxh5 Kf8 20.f5 Qxe5 21.fxe6 Kg8 22.exf7+ Kf8
23.Nxc5 Qxc5 24.Bf4  1-0

[Event "DMP 1st League"]
[Site "Koszalin POL"]
[Date "2005.07.11"]
[Round "9"]
[White "Krzyzanowski,M"]
[Black "Kukla,M"]
[Result "0-1"]
[WhiteElo "2005"]
[BlackElo "1969"]

1.e4 c5 2.Nf3 e6 3.d4 cxd4 4.Nxd4 Nc6 5.Nc3 Qc7 6.Be2 a6 7.O-O Nf6 8.Kh1 Bb4
9.f3 Bxc3 10.bxc3 Ne5 11.f4 Nc4 12.e5 Ne4 13.Qd3 d5 14.exd6 Nexd6 15.Qg3 f5
16.Bxc4 Nxc4 17.Re1 O-O 18.a4 Bd7 19.Be3 Nd6 20.Nf3 Ne4 21.Qh4 Rf6 22.Qh3 Rh6
23.Nh4 Qxc3 24.Kg1 Qxc2 25.Rec1 Qe2 26.Re1 Qh5 27.g3 Bc6 28.Qf1 Qg4 29.Ng2 Nxg3
30.hxg3 Qxg3 31.Qf2 Qh2+ 32.Kf1 Qh1+ 33.Qg1 Bxg2+  0-1

[Event "16th Open"]
[Site "Ljubljana SLO"]
[Date "2005.07.11"]
[Round "4"]
[White "Ivanec,D"]
[Black "Gjuran,D"]
[Result "0-1"]
[WhiteElo "2177"]
[BlackElo "2340"]

1.e4 c5 2.Nf3 e6 3.d4 cxd4 4.Nxd4 Nc6 5.Nc3 Qc7 6.g3 a6 7.Bg2 Nf6 8.O-O Nxd4
9.Qxd4 Bc5 10.Bf4 d6 11.Qd2 h6 12.Na4 e5 13.Nxc5 dxc5 14.Be3 Ng4 15.c4 O-O
16.Rfd1 Be6 17.b3 Rfd8 18.Qe2 Nxe3 19.Qxe3 Rd4 20.Rd3 b5 21.cxb5 axb5 22.Bf1 Qb7
23.Rxd4 cxd4 24.Qd3 b4 25.Qc2 Qc8 26.Rc1 Qb7 27.Bc4 Bxc4 28.bxc4 Ra3 29.Re1 Qa6
30.c5 Rc3 31.Qb2 Qb5 32.Rb1 Rxc5 33.Kg2 Qd3 34.Qxb4 Qxe4+ 35.Kg1 Rc2 36.Re1 Qf5
37.Rf1 Rxa2 38.h3 Re2 39.g4 Qf3 40.Qb8+ Kh7 41.Qc8 d3 42.Qd7 d2 43.g5 hxg5
44.Qd8 Rxf2  0-1

[Event "inAUTOmarket Open"]
[Site "Minsk BLR"]
[Date "2005.07.11"]
[Round "2"]
[White "Ratkovich,I"]
[Black "Grachev,B"]
[Result "0-1"]
[WhiteElo "2338"]
[BlackElo "2503"]

1.e4 c5 2.Nf3 e6 3.d4 cxd4 4.Nxd4 Nc6 5.Nc3 Qc7 6.g3 a6 7.Bg2 d6 8.O-O Bd7
9.Re1 Be7 10.Nxc6 Bxc6 11.a4 Nf6 12.a5 O-O 13.Be3 Nd7 14.Qd2 Rfc8 15.Bd4 b5
16.axb6 Nxb6 17.Bf1 Bb7 18.Nd1 Nd7 19.Nc3 Ne5 20.Qe2 h6 21.f4 Nc6 22.Bf2 Bf6
23.Qd2 Nb4 24.Ra3 d5 25.e5 Be7 26.Ra4 d4 27.Ne4 Nxc2 28.Rc4 Nxe1 29.Qxe1 Qxc4
30.Bxc4 Rxc4 31.b3 Rc2 32.Nd6 d3 33.Be3 Re2 34.Qc1 Bf3 35.Bd2 Bd8 36.Nc4 Rc8
37.Qb1 Rg2+ 38.Kf1 Rxh2 39.Qb2 Bb6 40.Nxb6 Rc2 41.Qd4 Rcxd2  0-1

[Event "inAUTOmarket Open"]
[Site "Minsk BLR"]
[Date "2005.07.11"]
[Round "2"]
[White "Konstantinov,Mi"]
[Black "Kim,Alex"]
[Result "1/2-1/2"]
[WhiteElo "2263"]
[BlackElo "2449"]

1.e4 c5 2.Nf3 e6 3.d4 cxd4 4.Nxd4 Nc6 5.Nc3 Qc7 6.Be2 Nf6 7.O-O Be7 8.Kh1 O-O
9.f4 d6 10.Bf3 a6 11.Nxc6 bxc6 12.e5 dxe5 13.fxe5 Qxe5 14.Bxc6 Ra7 15.Bf4 Qc5
16.Qf3 Bd7 17.Be3 Qd6 18.Ne4 Bxc6 19.Nxd6 Bxf3 20.Bxa7 Bc6 21.Rad1 Nd5 22.Bc5 e5
23.Rde1 f6 24.c4 Nb6 25.Bxb6 Bxd6 26.Rd1 Be7 27.Bc7 Rc8 28.Bd6 Bd8 29.b4 Ba4
30.Rd2 Rxc4 31.Bxe5 Bb6 32.Bd6 Bc6 33.h3 h5 34.Bc5 Bc7 35.Rdd1 Rc2 36.Rf2 Rc4
37.Bd6 Ba4 38.Rd3 Rc1+ 39.Kh2 Bb6 40.Bc5 Bc7+ 41.Bd6 Bb6  1/2-1/2

[Event "Andorra Open"]
[Site "Andorra la Vella AND"]
[Date "2005.07.12"]
[Round "4"]
[White "Fluvia Poyatos,J"]
[Black "De la Riva Aguado,O"]
[Result "1/2-1/2"]
[WhiteElo "2458"]
[BlackElo "2548"]

1.e4 c5 2.Nf3 Nc6 3.d4 cxd4 4.Nxd4 e6 5.Nc3 Qc7 6.Be3 Nf6 7.Qd2 Nxd4 8.Qxd4 Ng4
9.Nb5 Qc6 10.Bf4 e5 11.Bxe5 Bc5 12.Qc3 O-O 13.f3 Nf2 14.Bxg7 Nxh1 15.Bxf8 Bxf8
16.g3 Bg7 17.Qxc6 bxc6 18.Nc3 Rb8 19.Nd1 d5 20.Bg2 Nxg3 21.hxg3 dxe4 22.fxe4 Bg4
23.c3 Bxd1 24.Rxd1 Rxb2 25.Rd8+ Bf8 26.Rd2 Rb1+ 27.Ke2 Rc1 28.Kd3 Bg7 29.Rc2 Rxc2
30.Kxc2 Be5 31.g4 Kg7 32.Kd3 Kf6 33.Bf3  1/2-1/2

[Event "16th Open"]
[Site "Ljubljana SLO"]
[Date "2005.07.12"]
[Round "5"]
[White "Saric,A"]
[Black "Lazar,Ales ML"]
[Result "1-0"]
[WhiteElo "2469"]
[BlackElo "2284"]

1.e4 c5 2.Nf3 e6 3.d4 cxd4 4.Nxd4 Nc6 5.Nc3 Qc7 6.Be3 a6 7.Bd3 Nf6 8.O-O Ne5
9.f4 Neg4 10.Bd2 Bc5 11.Ne2 e5 12.fxe5 Qxe5 13.Bf4 Bxd4+ 14.Kh1 Qc5 15.Nxd4 Qxd4
16.e5 Nf2+ 17.Rxf2 Qxf2 18.exf6 Qxf4 19.Qe1+ Kd8 20.fxg7 Rg8 21.Qa5+ Ke7
22.Re1+ Kf6 23.Qc3+ Kg5 24.Rf1 Qxf1+ 25.Bxf1 d6 26.h4+ Kxh4 27.Qf6+ Kg3 28.Kg1  1-0

[Event "16th Open"]
[Site "Ljubljana SLO"]
[Date "2005.07.12"]
[Round "5"]
[White "Kovacevic,A"]
[Black "Jakovljevic,Vlado"]
[Result "1-0"]
[WhiteElo "2537"]
[BlackElo "2402"]

1.e4 c5 2.Nf3 e6 3.d4 cxd4 4.Nxd4 Nc6 5.Nc3 a6 6.Be2 d6 7.O-O Nf6 8.Be3 Be7
9.f4 O-O 10.a4 Qc7 11.Bf3 Re8 12.Kh1 Bf8 13.Nb3 b6 14.a5 bxa5 15.e5 dxe5
16.fxe5 Rd8 17.Nd4 Nxd4 18.Bxd4 Bb7 19.exf6 e5 20.fxg7 Bxg7 21.Bxb7 Qxb7
22.Ne2 exd4 23.Ng3 Rd5 24.Nf5 Kh8 25.Ra3 d3 26.Rxd3 Rxd3 27.Qxd3 Qxb2 28.Nd6 Bf6
29.Qf3 Rb8 30.Qg4 Rf8 31.Qf4 Kg7 32.c3 Bxc3 33.Nxf7 Bf6 34.Ng5 Rb8 35.Qc7+  1-0

[Event "16th Open"]
[Site "Ljubljana SLO"]
[Date "2005.07.12"]
[Round "6"]
[White "Jazbinsek,S"]
[Black "Ivanisevic,I"]
[Result "1/2-1/2"]
[WhiteElo "2233"]
[BlackElo "2577"]

1.e4 c5 2.Nf3 e6 3.d4 cxd4 4.Nxd4 Nc6 5.Nc3 Qc7 6.Be3 a6 7.Qd2 Nf6 8.O-O-O Bb4
9.f3 Ne5 10.Nb3 b5 11.Bd4 Be7 12.Kb1 d6 13.Qf2 O-O 14.g4 Nfd7 15.f4 b4 16.Na4 Nxg4
17.Qg3 e5 18.fxe5 dxe5 19.Bh3 Bd6 20.Be3 Nxe3 21.Qxe3 Rb8 22.Rhg1 g6 23.Bf5 Nf6
24.h4 Kh8 25.h5 Nxh5 26.Qh6 Rg8 27.Rh1 Bf8 28.Qg5 f6 29.Qh4 Qc6 30.Nac5 Bxc5
31.Nxc5 Qxc5 32.Bxg6 hxg6 33.Qxf6+ Rg7 34.Rxh5+ gxh5 35.Qh6+ Kg8 36.Rd8+ Qf8
37.Rxf8+ Kxf8 38.Qh8+ Kf7 39.Qxh5+ Rg6 40.Qh7+ Kf6 41.Qh8+ Kg5 42.Qxe5+ Kh4
43.Qh2+ Bh3 44.Qf2+ Kg5 45.Qg3+ Kf6 46.Qf4+ Ke7 47.Qc7+ Kf6 48.Qd6+ Be6 49.b3 Rc8
50.Qxb4 Rg1+ 51.Kb2 Rg2 52.Qd4+ Kf7 53.Qd3 Rf2 54.a4 a5 55.e5 Bf5 56.e6+ Kxe6
57.Qe3+ Kd6 58.Qxf2 Rxc2+ 59.Qxc2 Bxc2 60.Kxc2 Kc5 61.Kc3  1/2-1/2

[Event "inAUTOmarket Open"]
[Site "Minsk BLR"]
[Date "2005.07.12"]
[Round "3"]
[White "Novikov,St"]
[Black "Newerovski,G"]
[Result "1-0"]
[WhiteElo "2534"]
[BlackElo "2319"]

1.e4 c5 2.Nf3 Nc6 3.Nc3 e6 4.d4 cxd4 5.Nxd4 Qc7 6.Be3 a6 7.Qd2 Nf6 8.O-O-O Bb4
9.f3 Ne7 10.g4 h6 11.Nde2 d5 12.e5 Nd7 13.f4 b5 14.Kb1 Ba5 15.Nd4 b4 16.Na4 b3
17.c3 bxa2+ 18.Ka1 O-O 19.Rg1 Bb7 20.g5 Bc6 21.gxh6 g6 22.Qc2 Kh8 23.Nxc6 Qxc6
24.Bd3  1-0

[Event "inAUTOmarket Open"]
[Site "Minsk BLR"]
[Date "2005.07.13"]
[Round "4"]
[White "Oleksienko,M"]
[Black "Grachev,B"]
[Result "1-0"]
[WhiteElo "2487"]
[BlackElo "2503"]

1.e4 c5 2.Nf3 e6 3.d4 cxd4 4.Nxd4 Nc6 5.Nc3 Qc7 6.Be2 a6 7.O-O Nf6 8.Be3 Be7
9.f4 d6 10.Kh1 O-O 11.Qe1 Nxd4 12.Bxd4 b5 13.a3 Bb7 14.Qg3 Rad8 15.Rae1 Rd7
16.Bd3 Re8 17.Nd1 Qd8 18.Nf2 d5 19.e5 Ne4 20.Qh3 h6 21.c3 Bc5 22.Bxe4 Bxd4
23.Bh7+ Kxh7 24.cxd4 Qb6 25.Rd1 Rc7 26.f5 exf5 27.Qxf5+ Kg8 28.Qf4 Qg6 29.Nd3 Rc2
30.Rd2 Rxd2 31.Qxd2 Bc8 32.Nf4 Qf5 33.Qd3 Rd8 34.Qxf5 Bxf5 35.Rc1 Be4 36.Kg1 b4
37.a4 b3 38.Kf2 Rb8 39.Ke3 Rb4 40.Rc5 Rxa4 41.Nxd5 Bxd5 42.Rxd5 Kf8 43.Rd8+ Ke7
44.Rb8 Rc4 45.Rxb3 Rc2 46.g3 Rxh2 47.d5 Rh1 48.Rb7+ Ke8 49.Kd4 Rc1 50.d6 g5
51.Re7+ Kf8 52.Rc7 Rd1+ 53.Kc5 Ke8 54.Kc6  1-0

[Event "27th Open"]
[Site "Oberwart AUT"]
[Date "2005.07.13"]
[Round "5"]
[White "Alvir,A"]
[Black "Kovacs,Ga2"]
[Result "1/2-1/2"]
[WhiteElo "2385"]
[BlackElo "2449"]

1.e4 c5 2.Nf3 e6 3.d4 cxd4 4.Nxd4 Nc6 5.Nc3 Qc7 6.Be3 g6 7.Qd2 Nf6 8.f3 Bb4
9.a3 Be7 10.g4 h6 11.O-O-O b5 12.Nxc6 dxc6 13.Ne2 c5 14.Ng3 Bb7 15.Qc3 Rc8
16.Be2 O-O 17.Rhg1 Rfd8 18.Rxd8+ Qxd8 19.Qd2 Qxd2+  1/2-1/2

[Event "2nd S Wales Int"]
[Site "Caerleon WLS"]
[Date "2005.07.14"]
[Round "9"]
[White "Radovanovic,J"]
[Black "Dobrov,V"]
[Result "1/2-1/2"]
[WhiteElo "2357"]
[BlackElo "2535"]

1.e4 c5 2.Nf3 e6 3.d4 cxd4 4.Nxd4 Nc6 5.Nc3 Qc7 6.Be2 Nf6 7.O-O d6 8.Be3 Be7
9.f4 O-O 10.Qe1 Nxd4 11.Bxd4 e5 12.fxe5 dxe5 13.Qg3 Bc5 14.Bxc5 Qxc5+ 15.Kh1 Ne8
16.Rad1 Be6  1/2-1/2